[Event "RUS-ch sf"]
[Site "Krasnodar"]
[Date "1999.??.??"]
[Round "7"]
[White "Harlamov, Viktor"]
[Black "Pashkov, Anatolij"]
[Result "1-0"]
[WhiteElo "2375"]
[BlackElo "2210"]
[PlyCount "81"]
[EventDate "1999.??.??"]
[EventType "swiss"]
[EventRounds "9"]
[EventCountry "RUS"]
[SourceTitle "EXT 2002"]
[Source "ChessBase"]
[SourceDate "2001.11.25"]
[SourceVersion "1"]
[SourceVersionDate "2001.11.25"]
[SourceQuality "1"]

1. e4 d5 2. exd5 Nf6 3. d4 Nxd5 4. Nf3 g6 5. c4 Nb6 6. Nc3 Bg7 7. c5 Nd5 8. Bc4 c6 9. Qb3 0-0 10. 0-0 Nxc3 11. bxc3 b5 12. cxb6 axb6 13. Ng5 e6 14. Ne4 Ba6 15. Bxa6 Rxa6 16. Bf4 Qd5 17. Rfe1 Nd7 18. c4 Qf5 19. Qf3 Bxd4 20. Rad1 c5 21. Nd6 Qf6 22. Ne4 Qg7 23. Qb3 Rfa8 24. Qb5 R8a7 25. Re2 e5 26. Be3 f5 27. Ng5 Qf6 28. Bxd4 cxd4 29. Qd5+ Kg7 30. f4 Ra5 31. Ne6+ Kf7 32. Ng5+ Kg7 33. Ne6+ Kh6 34. fxe5 Qf7 35. Qd6 Rxa2 36. Rxa2 Rxa2 37. Rxd4 Ra1+ 38. Kf2 Ra2+ 39. Ke1 Ra1+ 40. Kd2 Ra2+ 41. Ke1 1-0